Escuela Provincial de Artes y Oficios de la Habana
Descripción Física:
[4] p. ; 30 cm
MARC
| LEADER | 00000nam a2200000Ia 4500 | ||
|---|---|---|---|
| 001 | 20689 | ||
| 003 | BGR | ||
| 005 | 20260410113714.0 | ||
| 008 | 160829s1886 xx 000 0 cat d | ||
| 080 | |a RF-8-4 | ||
| 110 | 1 | |a Escuela Provincial de Artes y Oficios de la Habana |9 70841 | |
| 245 | |a Escuela Provincial de Artes y Oficios de la Habana | ||
| 260 | |a Habana : |b [s.n.], |c 1886 | ||
| 300 | |a [4] p. ; |c 30 cm | ||
| 590 | |a Prové de 1381, exp. 38 | ||
| 610 | 1 | 0 | |a Escuela Provincial de Artes y Oficios de la Habana |9 70841 |
| 856 | 4 | |u https://media.diba.cat/diba/fitxers/arxiu/fulletons/bib_20689_1886_baixa.pdf |y Accés lliure | |
| 856 | 4 | |u https://media.diba.cat/diba/fitxers/arxiu/fulletons/bib_20689_1886_baixa.pdf |y Accés lliure | |
| 900 | |a bib_20689_1886_baixa.pdf | ||
| 901 | |a Arxiu | ||
| 942 | |n 1 |2 udc |c MON | ||
| 952 | |0 0 |1 0 |4 0 |6 RF84 |7 1 |9 53466 |a Arxiu |b Arxiu |d 2016-12-01 |l 0 |o RF-8-4 |p 20689 |r 2016-12-01 00:00:00 |w 2016-12-01 |y ARXIU | ||
| 999 | |c 57332 |d 57332 | ||